Logo BPK

Biblioteka

Politechniki Koszalińskiej

Primenenie UF-, JK-, i JAMR- spektroskopii v organiceskoj chimii / (Rekord nr 14080)

Szczegóły MARC
000 -ETYKIETA REKORDU
podpole kontrolne o stałej długości 00394nam a2200145 i 4500
001 - NUMER KONTROLNY REKORDU
pole kontrolne bg
040 ## - ŹRÓDŁO KATALOGOWANIA
Instytucja, która utworzyła rekord BPK
041 ## - KOD JĘZYKA
Kod języka tekstu pol
008 - POLE O STAŁEJ DŁUGOŚCI - DANE KONTROLNE
podpole kontrolne o stałej długości s pl f |000 0 pol
100 1# - NAZWA OSOBOWA
Nazwa osobowa KNICYNA, L. A.
245 #0 - TYTUŁ/ODPOWIEDZIALNOŚĆ
Tytuł Primenenie UF-, JK-, i JAMR- spektroskopii v organiceskoj chimii /
Pozostałe elementy strefy tytułu i oznaczenia odpowiedzialności L.A.Kunicyna, N.B.Kupletskaja.
260 ## - STREFA ADRESU WYDAWNICZEGO
Miejsce wydania Moskva,
Data publikacji, dystrybucji/powstania dokumentu 1971.
700 1# - HASŁO DODATKOWE - NAZWA OSOBOWA
Nazwa osobowa KUPLETSKAJA, N. B.
856 ## - LOKALIZACJA I DOSTĘP DO ELEKTRONICZNYCH DOKUMENTÓW ZDALNYCH
Link (URL) http://koha.tu.koszalin.pl/cgi-bin/koha/opac-detail.pl?biblionumber=14080
Tekst linku Katalog online BPK
942 ## - DODATKOWE ELEMENTY (KOHA)
Typ dokumentu Książka
Egzemplarze
Wycofany Status egzemplarza Uszkodzony Dostępność Lokalizacja stała Lokalizacja bieżąca Miejsce przechowywania Sygnatura Kod kreskowy Typ dokumentu
      Dostępny Biblioteka Politechniki Koszalińskiej Biblioteka Politechniki Koszalińskiej Wypożyczalnia BG 12136 01758597 Książka
© 2023 Biblioteka Politechniki Koszalińskiej :: KOHA